| 000 | 00551nam a22002057a 4500 | ||
|---|---|---|---|
| 999 |
_c533650 _d533650 |
||
| 001 | 125613 | ||
| 003 | NUST | ||
| 005 | 20200115120442.0 | ||
| 008 | 180731b ||||| |||| 00| 0 eng d | ||
| 020 | _a9780144000012 | ||
| 038 | _aMSOHAIL | ||
| 040 | _aNUST - Fiction | ||
| 082 |
_a823 _bCUN |
||
| 100 |
_aCunha, Nisha Da _912143 |
||
| 245 |
_aThe quiet of the birds: _bcollected stories / _cNisha Da Cunha |
||
| 260 |
_aNew Delhi: _bPenguin books, _c2005 |
||
| 300 | _a383 p. | ||
| 650 |
_aShort stories, Indic (English) _912144 |
||
| 942 |
_2ddc _cBK |
||